Oxford-Paravia, il dizionario inglese italiano, italiano inglese : (Record no. 5168)
[ view plain ]
| 000 -LEADER | |
|---|---|
| fixed length control field | 01233nac a22003611u 4500 |
| 003 - CONTROL NUMBER IDENTIFIER | |
| control field | EG-ScBUE |
| 005 - DATE AND TIME OF LATEST TRANSACTION | |
| control field | 20220628100644.0 |
| 008 - FIXED-LENGTH DATA ELEMENTS--GENERAL INFORMATION | |
| fixed length control field | 200219t2003 enk f d 000 0 eng d |
| 020 ## - INTERNATIONAL STANDARD BOOK NUMBER | |
| International Standard Book Number | 9780198607694 |
| 020 ## - INTERNATIONAL STANDARD BOOK NUMBER | |
| International Standard Book Number | 0198607695 |
| 035 ## - SYSTEM CONTROL NUMBER | |
| System control number | (MiU)notisBCA2538 |
| 035 ## - SYSTEM CONTROL NUMBER | |
| System control number | (OCoLC)53199450 |
| 035 ## - SYSTEM CONTROL NUMBER | |
| System control number | (III)iiio4251275x |
| 035 ## - SYSTEM CONTROL NUMBER | |
| System control number | (CStRLIN)MIUGBCA2538-B |
| 040 ## - CATALOGING SOURCE | |
| Original cataloging agency | EG-ScBUE |
| Language of cataloging | eng |
| Description conventions | rda |
| Transcribing agency | EG-ScBUE |
| Modifying agency | EG-ScBUE |
| 082 04 - DEWEY DECIMAL CLASSIFICATION NUMBER | |
| Classification number | 453.21 |
| Item number | OXF |
| Edition number | 22 |
| 245 00 - TITLE STATEMENT | |
| Title | Oxford-Paravia, il dizionario inglese italiano, italiano inglese : |
| Remainder of title | concise / |
| Statement of responsibility, etc | in collaborazione con Oxford University Press. |
| 246 30 - VARYING FORM OF TITLE | |
| Title proper/short title | Oxford-Paravia |
| 246 30 - VARYING FORM OF TITLE | |
| Title proper/short title | Dizionario inglese italiano, italiano inglese |
| 246 34 - VARYING FORM OF TITLE | |
| Title proper/short title | Concise Oxford Paravia Italian dictionary |
| 264 #1 - PUBLICATION, DISTRIBUTION, ETC. (IMPRINT) | |
| Place of publication, distribution, etc | [Oxford] : |
| Name of publisher, distributor, etc | Oxford University Press ; |
| Place of publication, distribution, etc | [Torino] : |
| Name of publisher, distributor, etc | Paravia, |
| Date of publication, distribution, etc | [2003] |
| 264 #4 - PUBLICATION, DISTRIBUTION, ETC. (IMPRINT) | |
| Date of publication, distribution, etc | c2003 |
| 300 ## - PHYSICAL DESCRIPTION | |
| Extent | 1627 pages ; |
| Dimensions | 22 cm |
| 336 ## - CONTENT TYPE | |
| Source | rdacontent |
| Content type term | text |
| Content type code | txt |
| 337 ## - MEDIA TYPE | |
| Source | rdamedia |
| Media type term | unmediated |
| Media type code | n |
| 338 ## - CARRIER TYPE | |
| Source | rdacarrier |
| Carrier type term | volume |
| Carrier type code | nc |
| 650 #7 - SUBJECT ADDED ENTRY--TOPICAL TERM | |
| Topical term or geographic name as entry element | Italian language |
| Form subdivision | Dictionaries |
| General subdivision | English. |
| Source of heading or term | BUEsh |
| 650 #7 - SUBJECT ADDED ENTRY--TOPICAL TERM | |
| Topical term or geographic name as entry element | English language |
| Form subdivision | Dictionaries |
| General subdivision | Italian. |
| Source of heading or term | BUEsh |
| 651 ## - SUBJECT ADDED ENTRY--GEOGRAPHIC NAME | |
| Source of heading or term | BUEsh |
| 653 ## - INDEX TERM--UNCONTROLLED | |
| Resource For college | Humanities: English |
| 655 ## - INDEX TERM--GENRE/FORM | |
| Form subdivision | Reading book |
| 9 (RLIN) | 34232 |
| 942 ## - ADDED ENTRY ELEMENTS (KOHA) | |
| Koha item type | Reference (NB) |
| Source of classification or shelving scheme | Dewey Decimal Classification |
| Withdrawn status | Lost status | Source of classification or shelving scheme | Damaged status | Not for loan | Collection code | Home library | Current library | Shelving location | Date acquired | Source of acquisition | Full call number | Barcode | Date last seen | Koha item type |
|---|---|---|---|---|---|---|---|---|---|---|---|---|---|---|
| Dewey Decimal Classification | Alahram | Central Library | Central Library | Second Floor | 18/10/2007 | Purchase | 453.21 OXF | 000006424 | 15/07/2025 | Reference (NB) |